If you lived in Williamsburg in colonial days / (Record no. 441)

MARC details
000 -LEADER
fixed length control field 01270nam a22003377a 4500
001 - CONTROL NUMBER
control field 441
003 - CONTROL NUMBER IDENTIFIER
control field FISKH
005 - DATE AND TIME OF LATEST TRANSACTION
control field 20230421104425.0
008 - FIXED-LENGTH DATA ELEMENTS--GENERAL INFORMATION
fixed length control field 230421b cb ||||| |||| 00| 0 eng d
010 ## - LIBRARY OF CONGRESS CONTROL NUMBER
LC control number 00712359
020 ## - INTERNATIONAL STANDARD BOOK NUMBER
International Standard Book Number 0590929224 (pbk.)
035 ## - SYSTEM CONTROL NUMBER
System control number (OCoLC)ocm45141684
040 ## - CATALOGING SOURCE
Original cataloging agency HQB
Transcribing agency HQB
Modifying agency OCL
-- DLC
-- FISKH
Language of cataloging eng
042 ## - AUTHENTICATION CODE
Authentication code lccopycat
043 ## - GEOGRAPHIC AREA CODE
Geographic area code n-us-va
050 00 - LIBRARY OF CONGRESS CALL NUMBER
Classification number F234.W7
Item number B67 2000
082 00 - DEWEY DECIMAL CLASSIFICATION NUMBER
Classification number 975.5/4252
Edition number 21
100 1# - MAIN ENTRY--PERSONAL NAME
Personal name Brenner, Barbara.
245 10 - TITLE STATEMENT
Title If you lived in Williamsburg in colonial days /
Statement of responsibility, etc. by Barbara Brenner ; illustrated by Jenny Williams.
260 ## - PUBLICATION, DISTRIBUTION, ETC.
Place of publication, distribution, etc. New York :
Name of publisher, distributor, etc. Scholastic Inc.,
Date of publication, distribution, etc. 2000.
300 ## - PHYSICAL DESCRIPTION
Extent 79 p. :
Other physical details col. ill., map ;
Dimensions 19 x 23 cm.
505 ## - FORMATTED CONTENTS NOTE
Formatted contents note O
520 ## - SUMMARY, ETC.
Summary, etc. More than two hundred years ago, two thousand people lived in the town of Williamsburg, Virginia. This book tells you what it was like to grow up in colonial days, before there was a United States of America.
521 8# - TARGET AUDIENCE NOTE
Target audience note 850 <br/>
Source Lexile
521 8# - TARGET AUDIENCE NOTE
Target audience note O <br/>
Source Raz-Plus
651 #0 - SUBJECT ADDED ENTRY--GEOGRAPHIC NAME
Geographic name Williamsburg (Va.)
General subdivision Social life and customs
Form subdivision Juvenile literature.
700 1# - ADDED ENTRY--PERSONAL NAME
Personal name Williams, Jenny,
Dates associated with a name 1939-
906 ## - LOCAL DATA ELEMENT F, LDF (RLIN)
a 7
b cbc
c copycat
d 2
e ncip
f 20
g y-gencatlg
942 ## - ADDED ENTRY ELEMENTS (KOHA)
Source of classification or shelving scheme Dewey Decimal Classification
Koha item type Books
Suppress in OPAC No
Holdings
Withdrawn status Lost status Source of classification or shelving scheme Damaged status Not for loan Collection Home library Current library Shelving location Date acquired Total Checkouts Full call number Barcode Date last seen Date last checked out Price effective from Koha item type
    Dewey Decimal Classification     Non-Fiction Footprints International School Library Network Toul Kork Campus Footprints International School Library Network Toul Kork Campus A TK Campus, 4th Floor, Room B401, Non-Fiction Bookcases(7-8) 04/21/2023 1 BRE 975.542502 F234.W7 FISTK02873 09/07/2023 08/31/2023 04/21/2023 Books